50 great short stories / (Record no. 29832)

MARC details
000 -LEADER
fixed length control field 03416aam a2200385 i 4500
001 - CONTROL NUMBER
control field ocm77536517
003 - CONTROL NUMBER IDENTIFIER
control field EG-ScBUE
005 - DATE AND TIME OF LATEST TRANSACTION
control field 20240225110224.0
008 - FIXED-LENGTH DATA ELEMENTS--GENERAL INFORMATION
fixed length control field 070105s2005 nyu f 001 j eng d
020 ## - INTERNATIONAL STANDARD BOOK NUMBER
International Standard Book Number 9780553277456
035 ## - SYSTEM CONTROL NUMBER
System control number (OCoLC)ocm77536517
035 ## - SYSTEM CONTROL NUMBER
System control number (OCoLC)77536517
040 ## - CATALOGING SOURCE
Original cataloging agency BGC
Language of cataloging eng
Description conventions rda
Transcribing agency BGC
Modifying agency HNK
-- CDX
-- OCLCQ
-- BDX
-- IAD
-- CNTCS
-- WIM
-- OCLCO
-- OCLCQ
-- OCLCF
-- IAD
-- OCL
-- EG-ScBUE
082 04 - DEWEY DECIMAL CLASSIFICATION NUMBER
Classification number 808.831
Edition number 22
Item number FIF
245 00 - TITLE STATEMENT
Title 50 great short stories /
Statement of responsibility, etc edited by Milton Crane.
246 3# - VARYING FORM OF TITLE
Title proper/short title Fifty great short stories
264 #1 - PUBLICATION, DISTRIBUTION, ETC. (IMPRINT)
Place of publication, distribution, etc New York :
Name of publisher, distributor, etc Bantam Dell,
Date of publication, distribution, etc 2005.
300 ## - PHYSICAL DESCRIPTION
Extent 571 pages ;
Dimensions 18 cm.
336 ## - CONTENT TYPE
Content type term text
Content type code txt
Source rdacontent
337 ## - MEDIA TYPE
Media type term unmediated
Media type code n
Source rdamedia
338 ## - CARRIER TYPE
Carrier type term volume
Carrier type code nc
Source rdacarrier
490 0# - SERIES STATEMENT
Series statement Bantam classic
500 ## - GENERAL NOTE
General note "Original Bantam edition published August 1952 ... Bantam Classic reissue September 2005"--Title page verso.
500 ## - GENERAL NOTE
General note Includes index.
505 00 - FORMATTED CONTENTS NOTE
Title The garden party /
Statement of responsibility Katherine Mansfield --
Title The three-day blow /
Statement of responsibility Ernest Hemingway --
Title The standard of living /
Statement of responsibility Dorothy Parker --
Title The Saint /
Statement of responsibility V.S. Pritchett --
Title The other side of the hedge /
Statement of responsibility E.M. Forster --
Title Brooksmith /
Statement of responsibility Henry James --
Title The jockey /
Statement of responsibility Carson McCullers --
Title The courting of Dinah Shadd /
Statement of responsibility Rudyard Kipling --
Title The shot /
Statement of responsibility Alexander Poushkin ; translated by T. Keane --
Title Graven Image /
Statement of responsibility John O'Hara --
Title Putois /
Statement of responsibility Anatole France --
Title Only the dead know Brooklyn /
Statement of responsibility Thomas Wolfe --
Title A.V. Laider /
Statement of responsibility Max Beerbohm --
Title The lottery /
Statement of responsibility Shirley Jackson --
Title The masque of the Red Death /
Statement of responsibility Edgar Allan Poe --
Title Looking back /
Statement of responsibility Guy de Maupassant --
Title The man higher up /
Statement of responsibility O. Henry --
Title The summer of the beautiful white horse /
Statement of responsibility William Saroyan.
505 00 - FORMATTED CONTENTS NOTE
Title The other two /
Statement of responsibility Edith Wharton --
Title Theft /
Statement of responsibility Katherine Anne Porter --
Title A good man is hard to find /
Statement of responsibility Flannery O'Connor --
Title The man of the house /
Statement of responsibility Frank O'Connor --
Title The man who shot snapping turtles /
Statement of responsibility Edmund Wilson --
Title The Gioconda smile /
Statement of responsibility Aldous Huxley --
Title The curfew tolls /
Statement of responsibility Stephen Vincent Benet --
Title Father wakes up the village /
Statement of responsibility Clarence Day --
Title Ivy Day in the committee room /
Statement of responsibility James Joyce --
Title The chrysanthemums /
Statement of responsibility John Steinbeck --
Title The door /
Statement of responsibility E.B. White --
Title An upheaval /
Statement of responsibility Anton Chekhov --
Title How beautiful with shoes /
Statement of responsibility Wilbur Daniel Steele --
Title A haunted house /
Statement of responsibility Virginia Woolf --
Title The catbird seat /
Statement of responsibility James Thurber --
Title The Schartz-Metterklume method /
Statement of responsibility H.H. Munro --
Title The death of a Bachelor /
Statement of responsibility Arthur Schnitzler --
Title The apostate /
Statement of responsibility George Milburn --
Title The Phoenix /
Statement of responsibility Sylvia Townsend Warner --
Title That evening sun /
Statement of responsibility William Faulkner.
505 00 - FORMATTED CONTENTS NOTE
Title The law /
Statement of responsibility Robert M. Coates --
Title The tale /
Statement of responsibility Joseph Conrad --
Title A girl from Red Lion, PA /
Statement of responsibility H.L. Mencken --
Title Main currents of American thought /
Statement of responsibility Irwin Shaw --
Title The ghosts /
Statement of responsibility Lord Dunsany --
Title The minister's black veil /
Statement of responsibility Nathaniel Hawthorne --
Title A string of beads /
Statement of responsibility W. Somerset Maugham --
Title The golden honeymoon /
Statement of responsibility Ring Lardner --
Title The man who could work miracles /
Statement of responsibility H.G. Wells --
Title The foreigner /
Statement of responsibility Francis Steegmuller --
Title Thrawn Janet /
Statement of responsibility Robert Louis Stevenson --
Title The chaser /
Statement of responsibility John Collier.
520 ## - SUMMARY, ETC.
Summary, etc "50 Great Short Stories is a comprehensive selection from the world's finest short fiction ..."--Cover.
650 #7 - SUBJECT ADDED ENTRY--TOPICAL TERM
Topical term or geographic name as entry element Short stories
Form subdivision Translations into English.
Source of heading or term BUEsh
653 ## - INDEX TERM--UNCONTROLLED
Resource For college Humanities: English
Arrived date list March2022
655 ## - INDEX TERM--GENRE/FORM
Form subdivision Reading book
9 (RLIN) 34232
700 1# - ADDED ENTRY--PERSONAL NAME
Personal name Crane, Milton,
Dates associated with a name 1917-
Relator term editor.
942 ## - ADDED ENTRY ELEMENTS (KOHA)
Source of classification or shelving scheme Dewey Decimal Classification
Koha item type Book - Borrowing
Holdings
Withdrawn status Lost status Source of classification or shelving scheme Damaged status Not for loan Collection code Home library Current library Shelving location Date acquired Source of acquisition Cost, normal purchase price Serial Enumeration / chronology Total Checkouts Total Renewals Full call number Barcode Date last seen Date checked out Cost, replacement price Price effective from Koha item type
    Dewey Decimal Classification     Alahram Central Library Central Library Second Floor 03/03/2022 Purchase 135.00 282 2 11 808.831 FIF 000056190 30/09/2025 24/05/2025 168.75 03/03/2022 Book - Borrowing